00432nam a22001457a 4500003000400000082001700004100001100021245005100032260002500083300000800108700003500116942001200151952010600163999001700269SGT a617.69bC26S aShweta aComprehensive smile analysis in prosthodontics aGurugrambSGTUc2026 a130 a Prosthodontics & Crown Bridge 2ddccTH 00102ddc4071aFDbFDcREFd2026-04-08l0o617.69 C26SpDT2639r2026-04-08 00:00:00w2026-04-08yTH c34571d34571